Loading...
Beliefs | 9 | 16.67 | 89% | 78% | 0% |
British and Commonwealth History | 1 | 30.00 | 100% | 100% | 100% |
Fine Arts - Auditory Fine Arts | 3 | 13.33 | 100% | 33% | 0% |
Fine Arts - Visual Fine Arts | 5 | 10.00 | 100% | 0% | 0% |
Geography | 3 | 13.33 | 100% | 33% | 0% |
History - American History | 1 | 10.00 | 100% | 0% | 0% |
History - European History | 4 | 15.00 | 50% | 75% | 25% |
History - World History | 4 | 7.50 | 75% | 0% | 0% |
Literature - American Literature | 5 | 18.00 | 100% | 60% | 20% |
Literature - British Literature | 5 | 18.00 | 100% | 60% | 20% |
Literature - European Literature | 3 | 13.33 | 100% | 33% | 0% |
Other Academic | 2 | 20.00 | 100% | 100% | 0% |
Other Arts: Auditory | 3 | 10.00 | 100% | 0% | 0% |
Other Arts: Visual | 2 | 5.00 | 50% | 0% | 0% |
Other Science: Computer Science | 3 | 16.67 | 100% | 33% | 33% |
Other Science: Earth Science | 2 | 15.00 | 100% | 50% | 0% |
Philosophy | 5 | 14.00 | 100% | 40% | 0% |
Science - Biology | 3 | 13.33 | 100% | 33% | 0% |
Science - Chemistry | 4 | 10.00 | 75% | 25% | 0% |
Science - Physics | 4 | 25.00 | 100% | 100% | 50% |
Social Science | 2 | 10.00 | 100% | 0% | 0% |
World and Other Literature | 7 | 8.57 | 86% | 0% | 0% |